|
|
|
|
| LEADER |
00000nam0a2200000 4500 |
| 001 |
327228 |
| 005 |
20240209103653.0 |
| 010 |
|
|
|a 9785438707103
|
| 035 |
|
|
|a (RuTPU)RU\TPU\book\352888
|
| 090 |
|
|
|a 327228
|
| 100 |
|
|
|a 20170126d2016 m y0rusy50 ca
|
| 101 |
0 |
|
|a rus
|
| 102 |
|
|
|a RU
|
| 105 |
|
|
|a a j 001zy
|
| 200 |
1 |
|
|a Методы и алгоритмы интеллектуальной обработки цифровых изображений
|e учебное пособие
|f Ю. А. Болотова, А. А. Друки, В. Г. Спицын
|g Национальный исследовательский Томский политехнический университет (ТПУ)
|
| 210 |
|
|
|a Томск
|c Изд-во ТПУ
|d 2016
|
| 215 |
|
|
|a 207 с.
|c ил.
|
| 320 |
|
|
|a Библиогр.: с. 206
|
| 330 |
|
|
|a Учебное пособие содержит описание методов и алгоритмов интеллектуальной обработки и анализа изображений, применяемых для решения задач улучшения качества, восстановления, сегментации и извлечения информативных признаков из изображений. Предназначено для магистрантов, обучающихся по направлению 09.04.01 «Информатика и вычислительная техника», профиль «Компьютерный анализ и интерпретация данных».
|
| 452 |
|
1 |
|0 (RuTPU)RU\TPU\book\355430
|t Методы и алгоритмы интеллектуальной обработки цифровых изображений
|o учебное пособие
|f Ю. А. Болотова, А. А. Друки, В. Г. Спицын
|g Национальный исследовательский Томский политехнический университет (ТПУ)
|c Томск
|n Изд-во ТПУ
|d 2016
|a Болотова, Юлия Александровна
|
| 606 |
1 |
|
|a Изображения
|x Обработка цифровая
|2 stltpush
|3 (RuTPU)RU\TPU\subj\12287
|9 39098
|
| 610 |
1 |
|
|a аналоговые изображения
|
| 610 |
1 |
|
|a цифровые изображения
|
| 610 |
1 |
|
|a получение
|
| 610 |
1 |
|
|a улучшение
|
| 610 |
1 |
|
|a пространственные методы
|
| 610 |
1 |
|
|a частотные методы
|
| 610 |
1 |
|
|a восстановление
|
| 610 |
1 |
|
|a цветовые модели
|
| 610 |
1 |
|
|a пространства
|
| 610 |
1 |
|
|a вейвлет-анализ
|
| 610 |
1 |
|
|a применение
|
| 610 |
1 |
|
|a преобразование
|
| 610 |
1 |
|
|a морфологическая обработка
|
| 610 |
1 |
|
|a сегментация
|
| 610 |
1 |
|
|a ключевые точки
|
| 610 |
1 |
|
|a детектирование
|
| 610 |
1 |
|
|a учебные пособия
|
| 610 |
1 |
|
|a труды учёных ТПУ
|
| 675 |
|
|
|a 004.932(075.8)
|v 4
|
| 700 |
|
1 |
|a Болотова
|b Ю. А.
|c специалист в области информатики и вычислительной техники
|c доцент Томского политехнического университета, кандидат технических наук
|f 1986-
|g Юлия Александровна
|3 (RuTPU)RU\TPU\pers\28632
|9 13448
|
| 701 |
|
1 |
|a Друки
|b А. А.
|c специалист в области информатики и вычислительной техники
|c ассистент Томского политехнического университета, инженер
|f 1985-
|g Алексей Алексеевич
|3 (RuTPU)RU\TPU\pers\28638
|9 13454
|
| 701 |
|
1 |
|a Спицын
|b В. Г.
|c специалист в области информатики и вычислительной техники
|c профессор Томского политехнического университета, доктор технических наук
|f 1948-
|g Владимир Григорьевич
|3 (RuTPU)RU\TPU\pers\22707
|9 9740
|
| 712 |
0 |
2 |
|a Национальный исследовательский Томский политехнический университет (ТПУ)
|c (2009- )
|3 (RuTPU)RU\TPU\col\15902
|
| 801 |
|
1 |
|a RU
|b 63413507
|c 20170126
|
| 801 |
|
2 |
|a RU
|b 63413507
|c 20170317
|g RCR
|
| 942 |
|
|
|c BK
|